000
00310nam a2200121Ia 4500
008
220120s9999||||xx |||||||||||||| ||und||
082
_a
823 MAZ
100
_a
Mazer, Anne
245
4
_a
The amazing days of abby hayes
260
_a
Scholastic INC
_b
New Delhi
_c
2008
300
_a
92p.
_b
15
650
_a
MATHEMATICS
999
_c
137449
_d
137449